| 000 | 00966nam a22002897a 4500 | ||
|---|---|---|---|
| 999 |
_c20035 _d20035 |
||
| 005 | 20200104041801.0 | ||
| 008 | 171220b2017 SP ||||| |||| 00| 0 spa d | ||
| 020 | _a9788494379048 | ||
| 040 |
_aCO-BoIAVH _cCO-BoIAVH |
||
| 041 | _aspa | ||
| 044 | _asp | ||
| 082 |
_a333.911 _bS57l |
||
| 100 | 1 | _aSiegel, Seth M. | |
| 245 | 2 |
_aLa solución de Israel para un mundo hambriento de Agua: _bhágase el Agua |
|
| 260 |
_aEspaña: _bNagrela Editores, _c2017. |
||
| 300 |
_a267 páginas _c24 x 16cm |
||
| 534 | _tLet there be Water. Israel¨s solution for a Water starved world | ||
| 650 | 1 | 6 |
_aRecurso hidríco _xProtección _zIsrael |
| 650 | 1 | 6 |
_aRecursos naturales _xConservación |
| 650 | 1 | 6 |
_aAcueducto municipal _zIsrael |
| 650 | 1 | 6 | _aDesalinización |
| 650 | 1 | 6 | _aCiencia |
| 650 | 1 | 6 | _aIngeniería |
| 650 | 1 | 6 | _aAlquimia |
| 650 | 1 | 6 |
_aResiduos del Agua _xTransformación |
| 942 |
_2ddc _cLIBRO |
||